000 00550nam a22001937a 4500
005 20251108164234.0
008 250721s1993 xx 000 0 ara d
082 1 4 _a791.4309/رؤو
100 1 _aتوفيق، رؤوف
245 1 0 _aالسينما ما زالت تقول لا /
264 1 _aالقاهره :
_bمكتبة روز اليوسف،
_c1993.
300 _a211ص
650 1 7 _aالسينما
650 1 7 _aالتاريخ
650 1 7 _aالنقد
650 1 7 _aالأفلام السينمائية
942 _2ddc
_cBK
999 _c7169
_d7169